000 00291nam a2200121 a 4500
008 120423s2011|||| d
100 1 _aVansová, Terézia
245 1 0 _aSlovenka doma i na cestách
260 _bAspekt
_aBratislava
_c2011
020 _cDar
041 _aslo
044 _axo
_cSK
999 _c20182
_d20182